00904nab a2200217uuc4500001000800000005001700008008004100025035001200066035002100078040001300099041000800112100003600120245015400156650002500310650004500335650004200380650005000422700004100472700003700513773013600550106940920240202084028.0080225e20071001 spa  a1069409 a(OCoLC)820390671 ccomduadb aspa10aPinto Molina, María4auteaut13aLa herramienta "BiQual" como instrumento para el estudio de la calidad del servicio en bibliotecas universitarias españolas de ciencia y tecnologia aCalidad del servicio aEvaluacion de bibliotecas universitarias aBibliotecas universitarias - España aEspacio Europeo de Educación Superior. EEES10aFernandez Marcial, Viviana4auteaut10aGomez Camarero, Carmen4auteaut0 tRevista Española de Documentación Científica (Madrid)gVol. 30, No. 04, Oct.-Dic. 2007, p. 465-491w492062x0210-06140124355